Govt. of
Madhya Pradesh

SSC REASONING 7200 TCS MCQ Chapterwisw (Record no. 66143)

MARC details
000 -LEADER
fixed length control field 00271nam a22001097a 4500
082 ## - DEWEY DECIMAL CLASSIFICATION NUMBER
Classification number 160
100 ## - MAIN ENTRY--AUTHOR NAME
Personal name Dhaka, Baljit Sir
245 ## - TITLE STATEMENT
Title SSC REASONING 7200 TCS MCQ Chapterwisw
260 ## - PUBLICATION, DISTRIBUTION, ETC. (IMPRINT)
Place of publication Delhi
Name of publisher Pinnacle Publication
Year of publication 2023
650 ## - SUBJECT ADDED ENTRY--TOPICAL TERM
Topical Term Reasoning
942 ## - ADDED ENTRY ELEMENTS (KOHA)
Koha item type Books
Holdings
Withdrawn status Lost status Damaged status Not for loan Home library Current library Date acquired Cost, normal purchase price Full call number Accession Number Price effective from Koha item type
        MACL MACL 21/10/2023 770.00 160 DPI001372 21/10/2023 Books
        MACL MACL 21/10/2023 770.00 160 DPI001373 21/10/2023 Books